Integrácia nízkonákladových technológií do geodetických a geoinformačných systémov: výskum a vývoj efektívnych metód
Saved in:
| Main Author: | |
|---|---|
| Other Authors: | |
| Format: | Manuscript Book |
| Language: | Slovak |
| Published: |
2024
|
| Subjects: | |
| Online Access: | http://is.stuba.sk/zp/portal_zp.pl?podrobnosti=175998 https://opac.crzp.sk/?fn=detailBiblioForm&sid=AA0D9432EF6DE826CE101F4F11D3 |
| Tags: |
No Tags, Be the first to tag this record!
|
MARC
| LEADER | 00000ntm a22000003a 4500 | ||
|---|---|---|---|
| 001 | stuzp99235 | ||
| 003 | SK-STU | ||
| 005 | 20240927135437.8 | ||
| 007 | ta | ||
| 008 | 150427s2015----xo-----f-mn---000-0-slo-d | ||
| 040 | |a STU |b slo | ||
| 041 | 0 | |a slo | |
| 100 | 1 | |a Šperka, Jakub |u 010130 |4 aut |U SvF Stavebná fakulta |T SvF Katedra globálnej geodézie a geoinformatiky |X 103685 |U V130 |Y 13 |7 103685 | |
| 242 | 0 | 1 | |a Integration of low-cost technologies into geodetic and geoinformation systems: research and development of efficient methods |y eng |
| 245 | 1 | 0 | |a Integrácia nízkonákladových technológií do geodetických a geoinformačných systémov: výskum a vývoj efektívnych metód |
| 260 | |c 2024 | ||
| 650 | 4 | |a nízkonákladové metódy |2 slo | |
| 650 | 4 | |a prototypy |2 slo | |
| 650 | 4 | |a 3D-tlač |2 slo | |
| 650 | 4 | |a ESP32 |2 slo | |
| 650 | 4 | |a automatizácia |2 slo | |
| 650 | 4 | |a Arduino |2 slo | |
| 650 | 4 | |a geodetické odrazné hranoly |2 slo | |
| 650 | 4 | |a low-cost methods |2 eng | |
| 650 | 4 | |a 3D-printing |2 eng | |
| 650 | 4 | |a ESP32 |2 eng | |
| 650 | 4 | |a Arduino |2 eng | |
| 650 | 4 | |a geodetic reflecting prisms |2 eng | |
| 650 | 4 | |a automation |2 eng | |
| 650 | 4 | |a prototyping |2 eng | |
| 700 | 1 | |a Lieskovský, Tibor |u 010130 |k Z1 |4 ths |U SvF Stavebná fakulta |T SvF Katedra globálnej geodézie a geoinformatiky |X 3805 |U V130 |Y 13 |7 A000003805 | |
| 856 | 4 | |u http://is.stuba.sk/zp/portal_zp.pl?podrobnosti=175998 | |
| 856 | 4 | |u https://opac.crzp.sk/?fn=detailBiblioForm&sid=AA0D9432EF6DE826CE101F4F11D3 | |